Consonants Sudden Death - Statistics

General Stats
  • This quiz has been taken 51 times
  • The average score is 17 of 75
Answers on the Grid
Answers color-coded by a green-red scale on the quiz's grid according to % correct below.
a
v
e
a
s
i
f
u
k
j
e
a
i
g
f
r
l
b
a
t
e
i
o
j
m
o
x
e
q
u
g
o
p
a
d
x
q
o
k
i
o
u
a
s
d
i
p
k
a
i
o
s
e
d
k
e
p
t
k
a
j
o
u
d
u
k
f
e
a
k
l
u
p
k
f
e
u
b
v
e
z
s
a
z
i
o
a
i
o
e
u
a
k
g
a
e
g
f
c
o
h
i
u
k
u
r
e
f
m
n
o
p
u
v
i
d
o
f
g
l
m
o
k
q
z
a
e
i
o
u
v
a
u
w
i
i
w
v
x
i
j
a
e
u
o
p
k
u
c
o
 
Answer Stats
Answer % Correct
v
89%
k
86%
g
83%
f
80%
j
80%
f
77%
b
74%
j
74%
t
74%
m
71%
s
71%
q
69%
r
69%
x
69%
l
63%
p
57%
d
54%
g
49%
k
49%
q
43%
d
37%
s
37%
x
37%
k
23%
p
20%
d
17%
k
17%
k
11%
s
11%
f
9%
p
9%
p
9%
b
6%
f
6%
k
6%
k
6%
k
6%
l
6%
t
6%
c
3%
d
3%
f
3%
f
3%
g
3%
g
3%
h
3%
j
3%
k
3%
k
3%
m
3%
n
3%
r
3%
s
3%
v
3%
w
3%
z
3%
z
3%
c
0%
d
0%
f
0%
g
0%
j
0%
k
0%
k
0%
l
0%
m
0%
p
0%
p
0%
q
0%
v
0%
v
0%
v
0%
w
0%
x
0%
z
0%
No matching quizzes found
Score Distribution
Percent of People with Each Score
Percentile by Number Answered
Your Score History
You have not taken this quiz